00239nam a2200109Ia 4500008004100000041001200041082001100053100001400064245003900078260000600117650000600123221030s9999 xx 000 0 und d aEnglish a105.23 aA. Husain 0aNetworks and Systemscby A. Husain c0 aB